Malaysia 1945-2000 /

Bibliographic Details
Main Author: Ishak Saat
Format: Book
Published: Kuala Lumpur: Utusan Publications & Distributors, 2009.
Series:Siri Pengajian Sejarah
Subjects:
LEADER 00674cam a2200217 7i4500
001 0000012965
005 20151104090000.0
005 ##20151104113800.0
003 ##MY-KlINT
020 # # |a 9789676121998  
039 # 9 |y 201511041138  |z VLOAD 
090 0 0 |a 959.5   |b ISH 
100 1 # |a Ishak Saat 
245 1 0 |a Malaysia 1945-2000 /   |c Ishak Saat. 
260 # # |a Kuala Lumpur:   |b Utusan Publications & Distributors,   |c 2009. 
300 # # |a 335p:   |b ill;   |c 22cm. 
490 0 # |a Siri Pengajian Sejarah 
500 # # |a Bibliography 
650 # 0 |a Malaysia --   |x Politics and government --   |y 20th century  
650 # 0 |a Malaysia --   |x History --   |y 1945-2000  
999 |a 1101066486  |b BOOK  |c Main Non-Fiction  |e INTAN BK